Migrazioni e religioni: un'esperienza locale di dialogo tra cristiani e musulmani
| Главные авторы: | ; |
|---|---|
| Формат: | Print |
| Язык: | Итальянский |
| Слжба доставки Subito: | Заказать сейчас. |
| Проверить наличие: | HBZ Gateway |
| WorldCat: | WorldCat |
| Interlibrary Loan: | Interlibrary Loan for the Fachinformationsdienste (Specialized Information Services in Germany) |
| Опубликовано: |
Milano
FrancoAngeli
2011
|
| В: |
Politiche e servizi sociali (287)
Год: 2011 |
| Серии журналов/журналы: | Politiche e servizi sociali
287 |
| Нормированные ключевые слова (последовательности): | B
Италия (мотив)
/ Католическая церковь (мотив)
/ Межрелигиозный диалог
/ Ислам (мотив)
B Bergamo / Иммигрант (мотив) / Мусульманин (мотив) / Межрелигиозный диалог / Католическая община |
| Другие ключевые слова: | B
Catholic Church
Relations
Ислам (мотив)
|
| Online-ссылка: |
Содержание |
MARC
| LEADER | 00000cam a2200000 c 4500 | ||
|---|---|---|---|
| 001 | 1430386991 | ||
| 003 | DE-627 | ||
| 005 | 20251225185021.0 | ||
| 007 | tu | ||
| 008 | 120306s2011 it ||||| 00| ||ita c | ||
| 020 | |a 9788856835397 |c 23.00 EUR |9 978-88-568-3539-7 | ||
| 035 | |a (DE-627)1430386991 | ||
| 035 | |a (DE-576)360386997 | ||
| 035 | |a (DE-599)BSZ360386997 | ||
| 035 | |a (OCoLC)985594496 | ||
| 035 | |a (ZDB-21-EIL)11061944 | ||
| 040 | |a DE-627 |b ger |c DE-627 |e rakwb | ||
| 041 | |a ita | ||
| 044 | |c XA-IT | ||
| 050 | 0 | |a BL | |
| 050 | 0 | |a BL980.I8 | |
| 082 | 0 | |a 261 | |
| 082 | 0 | |a 261 |2 21 | |
| 084 | |a 1 |2 ssgn | ||
| 100 | 1 | |a Brambilla, Chiara |4 aut | |
| 245 | 1 | 0 | |a Migrazioni e religioni |b un'esperienza locale di dialogo tra cristiani e musulmani |c Chiara Brambilla; Massimo Rizzi |
| 264 | 1 | |a Milano |b FrancoAngeli |c 2011 | |
| 300 | |a 202 S. |c 23 cm | ||
| 336 | |a Text |b txt |2 rdacontent | ||
| 337 | |a ohne Hilfsmittel zu benutzen |b n |2 rdamedia | ||
| 338 | |a Band |b nc |2 rdacarrier | ||
| 490 | 1 | |a Politiche e servizi sociali |v 287 | |
| 500 | |a Contains bibliography, bibliographical references, notes and internet addresses | ||
| 583 | 1 | |a Archivierung/Langzeitarchivierung gewährleistet |f SSG |x XA-DE-BW |2 pdager |5 DE-21 | |
| 601 | |a Religion | ||
| 610 | 1 | 0 | |a Catholic Church |x Relations |x Islam |
| 689 | 0 | 0 | |d g |0 (DE-588)4027833-5 |0 (DE-627)106283235 |0 (DE-576)208972501 |2 gnd |a Italien |
| 689 | 0 | 1 | |d b |0 (DE-588)2009545-4 |0 (DE-627)101659261 |0 (DE-576)191644501 |2 gnd |a Katholische Kirche |
| 689 | 0 | 2 | |d s |0 (DE-588)4192352-2 |0 (DE-627)105235164 |0 (DE-576)210079924 |2 gnd |a Interreligiöser Dialog |
| 689 | 0 | 3 | |d s |0 (DE-588)4027743-4 |0 (DE-627)106283499 |0 (DE-576)20897220X |2 gnd |a Islam |
| 689 | 0 | |5 (DE-627) | |
| 689 | 1 | 0 | |d g |0 (DE-588)4005611-9 |0 (DE-627)106380648 |0 (DE-576)208861912 |2 gnd |a Bergamo |
| 689 | 1 | 1 | |d s |0 (DE-588)4151434-8 |0 (DE-627)104262184 |0 (DE-576)20978816X |2 gnd |a Einwanderer |
| 689 | 1 | 2 | |d s |0 (DE-588)4040921-1 |0 (DE-627)106221205 |0 (DE-576)209042680 |2 gnd |a Muslim |
| 689 | 1 | 3 | |d s |0 (DE-588)4192352-2 |0 (DE-627)105235164 |0 (DE-576)210079924 |2 gnd |a Interreligiöser Dialog |
| 689 | 1 | 4 | |d s |0 (DE-588)4029984-3 |0 (DE-627)10627211X |0 (DE-576)20898514X |2 gnd |a Katholische Gemeinde |
| 689 | 1 | |5 (DE-627) | |
| 689 | 2 | 0 | |d g |0 (DE-588)4027833-5 |0 (DE-627)106283235 |0 (DE-576)208972501 |2 gnd |a Italien |
| 689 | 2 | 1 | |d b |0 (DE-588)2009545-4 |0 (DE-627)101659261 |0 (DE-576)191644501 |2 gnd |a Katholische Kirche |
| 689 | 2 | 2 | |d s |0 (DE-588)4192352-2 |0 (DE-627)105235164 |0 (DE-576)210079924 |2 gnd |a Interreligiöser Dialog |
| 689 | 2 | 3 | |d s |0 (DE-588)4027743-4 |0 (DE-627)106283499 |0 (DE-576)20897220X |2 gnd |a Islam |
| 689 | 2 | |5 (DE-627) | |
| 689 | 3 | 0 | |d g |0 (DE-588)4005611-9 |0 (DE-627)106380648 |0 (DE-576)208861912 |2 gnd |a Bergamo |
| 689 | 3 | 1 | |d s |0 (DE-588)4151434-8 |0 (DE-627)104262184 |0 (DE-576)20978816X |2 gnd |a Einwanderer |
| 689 | 3 | 2 | |d s |0 (DE-588)4040921-1 |0 (DE-627)106221205 |0 (DE-576)209042680 |2 gnd |a Muslim |
| 689 | 3 | 3 | |d s |0 (DE-588)4192352-2 |0 (DE-627)105235164 |0 (DE-576)210079924 |2 gnd |a Interreligiöser Dialog |
| 689 | 3 | 4 | |d s |0 (DE-588)4029984-3 |0 (DE-627)10627211X |0 (DE-576)20898514X |2 gnd |a Katholische Gemeinde |
| 689 | 3 | |5 (DE-627) | |
| 700 | 1 | |a Rizzi, Massimo |4 aut | |
| 830 | 0 | |a Politiche e servizi sociali |v 287 |9 287 |w (DE-627)1126949817 |w (DE-576)056949812 |7 am | |
| 856 | 4 | 2 | |u https://swbplus.bsz-bw.de/bsz360386997inh.htm |m B:DE-576;DE-21 |q application/pdf |v 20120420152848 |x Verlag |3 Inhaltsverzeichnis |7 1 |
| 935 | |a mteo | ||
| 951 | |a BO | ||
| ELC | |b 1 | ||
| ITA | |a 1 |t 1 | ||
| LOK | |0 000 xxxxxcx a22 zn 4500 | ||
| LOK | |0 001 2706186720 | ||
| LOK | |0 003 DE-627 | ||
| LOK | |0 004 1430386991 | ||
| LOK | |0 005 20120416152611 | ||
| LOK | |0 008 120306||||||||||||||||ger||||||| | ||
| LOK | |0 040 |a DE-21 |c DE-627 |d DE-21 | ||
| LOK | |0 852 |a DE-21 | ||
| LOK | |0 852 1 |c 52 E 531 |9 00 | ||
| LOK | |0 935 |a theo |a vord | ||
| LOK | |0 936ln |a t11 | ||
| LOK | |0 938 |a 1204 |f 2 | ||
| LOK | |0 939 |a 06-03-12 |b l01 | ||
| ORI | |a SA-MARC-ixtheoa001.raw | ||
| STA | 0 | 0 | |a Catholic parish,Catholic congregation,Catholic community,Congregation,Holy See (motif),Catholic church,Catholic Church,Catholic Church,Former pilgrimage church Saint Ottilia,Immigrants,Immigrant,Interfaith dialogue,Interreligious relations,Interreligious dialog,Interreligious encounter,Islam,Islam,Muslim,Muslim,Mohammedan,Moslem,Southern Italy (motif),Italy,Italy,Italy,Italy,Lower Italy,Mezzogiorno,Southern Italy,Northwestern Italy |
| STB | 0 | 0 | |a Dialogue interreligieux,Dialogue interreligieux,Immigré,Immigré,Islam,Islam,Musulman,Musulman,Paroisse catholique,Saint-Siège (motif),Église catholique,Église catholique,Sud de l'Italie (motif),Italie |
| STC | 0 | 0 | |a Comunidad católica,Diálogo interreligioso,Diálogo inter-religioso,Inmigrante,Inmigrante,Islam,Islam,Italia,Movimiento juvenil católico,Musulmán,Musulmán |
| STD | 0 | 0 | |a Chiesa cattolica,Dialogo interreligioso,Dialogo interreligioso,Immigrato,Immigrato,Islam,Islam,Italia,Musulmano,Musulmano,Parrocchia cattolica |
| STE | 0 | 0 | |a 伊斯兰教,伊斯兰教,回教,回教,天主教会,罗马公教,天主教教区,宗教间关系,移民,外来移民,外侨,穆斯林,穆斯林 |
| STF | 0 | 0 | |a 伊斯蘭教,伊斯蘭教,回教,回教,天主教教區,天主教會,羅馬公教,宗教間關係,移民,外來移民,外僑,穆斯林,穆斯林 |
| STG | 0 | 0 | |a Comunidade católica,Diálogo inter-religioso,Diálogo inter-religioso,Igreja católica,Imigrante,Imigrante,Islã,Islã,Itália,Muçulmano,Muçulmano |
| STH | 0 | 0 | |a Иммигрант (мотив),Иммигрант,Ислам (мотив),Ислам,Италия (мотив),Католическая община,Католическая церковь (мотив),Межрелигиозный диалог,Мусульманин (мотив),Мусульманин |
| STI | 0 | 0 | |a Διαθρησκειακός διάλογος,Ισλάμ (μοτίβο),Ισλάμ,Ιταλία (μοτίβο),Καθολική Εκκλησία (μοτίβο),Καθολική ενορία,Μετανάστης (μοτίβο),Μετανάστης,Μουσουλμάνος (μοτίβο),Μουσουλμάνος |
| SYG | 0 | 0 | |a Italy , Italia,Königreich Italien,Repubblica Italiana,Italiya Respublikasi,Italijos Respublika,Olaszorszaǵ,Olasz Koz̈taŕsasaǵ,Regno d'Italia,Italienische Republik,République Italienne,Yidali-gongheguo,Italy , Katolikus Egyház,RCC,Katoličeskaj Cerkovʹ,Katoličke Cerkve,Katolska Cyrkej,Katolske Kirke,Ecclesia Catholica,Igreja Católica,Römisch-Katholische Kirche,Katholikē Ekklēsia,Catholic Church,Roman Catholic Church,Eglise Catholique,Eglise Catholique Romaine,Chiesa Cattolica,Katholieke Kerk,Iglesia Católica,Katolické Církve,Kościoł Katolicki,Katoličke Crkve,Eglise catholique romaine,Chiesa cattolica romana,Roman catholic Church,Eglise catholique,Römische Kirche , Eglise catholique,Roman Catholic Church,Catholic Church , Ehemalige Wallfahrtskirche Sankt Ottilia , Interreligiöse Beziehung,Interreligiöse Begegnung,Interreligiöser Kontakt,Religionskontakt , Islam , Bergomum,Bèrgam,Bergame,Comune di Bergamo , Einwanderin,Immigrant,Immigranten,Immigrantin,Migrant <Einwanderer>,Migranten <Einwanderer>,Migrantin <Einwanderer>,Zuwanderer <Einwanderer>,Zuwanderin <Einwanderer>,Immigrant,Migrant,Zuwanderer , Muslimin,Muslime,Mohammedaner,Mohammedanerin,Moslem,Muselman,Muselmann,Moslemische Frau,Muslimische Frau,Muslima,Moslemin,Mosliminnen,Moslem,Mohammedaner,Muselman,Muselmann,Muslime , Interreligiöse Beziehung,Interreligiöse Begegnung,Interreligiöser Kontakt,Religionskontakt , Katholische Kirchengemeinde,Katholische Pfarrei,Römisch-katholische Gemeinde,Katholische Gemeinden , Italy , Italia,Königreich Italien,Repubblica Italiana,Italiya Respublikasi,Italijos Respublika,Olaszorszaǵ,Olasz Koz̈taŕsasaǵ,Regno d'Italia,Italienische Republik,République Italienne,Yidali-gongheguo,Italy , Katolikus Egyház,RCC,Katoličeskaj Cerkovʹ,Katoličke Cerkve,Katolska Cyrkej,Katolske Kirke,Ecclesia Catholica,Igreja Católica,Römisch-Katholische Kirche,Katholikē Ekklēsia,Catholic Church,Roman Catholic Church,Eglise Catholique,Eglise Catholique Romaine,Chiesa Cattolica,Katholieke Kerk,Iglesia Católica,Katolické Církve,Kościoł Katolicki,Katoličke Crkve,Eglise catholique romaine,Chiesa cattolica romana,Roman catholic Church,Eglise catholique,Römische Kirche , Eglise catholique,Roman Catholic Church,Catholic Church , Ehemalige Wallfahrtskirche Sankt Ottilia , Interreligiöse Beziehung,Interreligiöse Begegnung,Interreligiöser Kontakt,Religionskontakt , Islam , Bergomum,Bèrgam,Bergame,Comune di Bergamo , Einwanderin,Immigrant,Immigranten,Immigrantin,Migrant <Einwanderer>,Migranten <Einwanderer>,Migrantin <Einwanderer>,Zuwanderer <Einwanderer>,Zuwanderin <Einwanderer>,Immigrant,Migrant,Zuwanderer , Muslimin,Muslime,Mohammedaner,Mohammedanerin,Moslem,Muselman,Muselmann,Moslemische Frau,Muslimische Frau,Muslima,Moslemin,Mosliminnen,Moslem,Mohammedaner,Muselman,Muselmann,Muslime , Interreligiöse Beziehung,Interreligiöse Begegnung,Interreligiöser Kontakt,Religionskontakt , Katholische Kirchengemeinde,Katholische Pfarrei,Römisch-katholische Gemeinde,Katholische Gemeinden |
| TIM | |a 100018610317_100020261231 |b 1861-03-17 - 2026 | ||